| 000 | 00731nam a2200217 a 4500 | ||
|---|---|---|---|
| 005 | 20240702063803.0 | ||
| 008 | 010313s2008 mx r 000 0 spa d | ||
| 020 | _a9789708290371 (SEP) | ||
| 020 | _a9688561371 (Plaza y Valdés) | ||
| 035 | _aUPN01000041532 | ||
| 049 | _aLTG | ||
| 050 | 4 |
_aMT6 _bB7.3a |
|
| 100 | 1 |
_aBrennan, Juan Arturo, _d1955- _941941 |
|
| 245 | 1 | 0 |
_aCómo acercarse a la música / _cJuan Arturo Brennan. |
| 260 |
_aMéxico : _bSEP, Subsecretaría de Educación Básica : _bPlaza y Valdés, _cc2008. |
||
| 300 |
_a170 p. : _bil. |
||
| 440 | 0 |
_aReforma integral de la educación básica. _pSecundaria |
|
| 650 | 2 |
_aApreciación musical _97596 |
|
| 650 | 4 |
_aMúsica _xEstudio y enseñanza _9174 |
|
| 905 | _aLibro | ||
| 999 |
_c41532 _d41532 |
||